Разработка дизайн проекта элементов благоустройства территории; Молодежь и современные информационные технологии; Т. 2

Λεπτομέρειες βιβλιογραφικής εγγραφής
Parent link:Молодежь и современные информационные технологии: сборник трудов XIII Международной научно-практической конференции студентов, аспирантов и молодых ученых, г. Томск, 9-13 ноября 2015 г./ Национальный исследовательский Томский политехнический университет (ТПУ), Институт кибернетики (ИК) ; под ред. Т. Е. Мамоновой [и др.].— , 2016
Т. 2.— 2016.— [С. 218-219]
Κύριος συγγραφέας: Захарова М. В.
Συγγραφή απο Οργανισμό/Αρχή: Национальный исследовательский Томский политехнический университет (ТПУ) Институт кибернетики (ИК) Кафедра инженерной графики и промышленного дизайна (ИГПД)
Άλλοι συγγραφείς: Радченко В. Ю. Валерия Юрьевна
Περίληψη:Заглавие с титульного экрана
Γλώσσα:Ρωσικά
Έκδοση: 2016
Σειρά:Компьютерная графика и дизайн
Θέματα:
Διαθέσιμο Online:http://earchive.tpu.ru/handle/11683/17051
Μορφή: MixedMaterials Ηλεκτρονική πηγή Κεφάλαιο βιβλίου
KOHA link:https://koha.lib.tpu.ru/cgi-bin/koha/opac-detail.pl?biblionumber=617729

MARC

LEADER 00000naa2a2200000 4500
001 617729
005 20231101132956.0
035 |a (RuTPU)RU\TPU\conf\16042 
035 |a RU\TPU\conf\16041 
090 |a 617729 
100 |a 20160322d2016 k y0rusy50 ca 
101 0 |a rus  |g rus 
102 |a RU 
105 |a y z 101zy 
135 |a drcn ---uucaa 
181 0 |a i  
182 0 |a b 
200 1 |a Разработка дизайн проекта элементов благоустройства территории  |f М. В. Захарова, В. Ю. Радченко 
203 |a Текст  |c электронный 
225 1 |a Компьютерная графика и дизайн 
230 |a 1 компьютерный файл (pdf; 269 Кb) 
300 |a Заглавие с титульного экрана 
320 |a [Библиогр.: с. 219 (5 назв.)] 
337 |a Adobe Reader 
461 1 |0 (RuTPU)RU\TPU\conf\15701  |t Молодежь и современные информационные технологии  |o сборник трудов XIII Международной научно-практической конференции студентов, аспирантов и молодых ученых, г. Томск, 9-13 ноября 2015 г.  |o в 2 т.  |f Национальный исследовательский Томский политехнический университет (ТПУ), Институт кибернетики (ИК) ; под ред. Т. Е. Мамоновой [и др.]  |d 2016 
463 0 |0 (RuTPU)RU\TPU\conf\15706  |t Т. 2  |v [С. 218-219]  |d 2016 
610 1 |a труды учёных ТПУ 
610 1 |a электронный ресурс 
610 1 |a дизайн-проекты 
610 1 |a благоустройство 
610 1 |a Томск 
610 1 |a перепланировка 
610 1 |a проектирование 
700 1 |a Захарова  |b М. В. 
701 1 |a Радченко  |b В. Ю.  |c специалист в области начертательной геометрии  |c старший преподаватель Томского политехнического университета  |f 1965-  |g Валерия Юрьевна  |2 stltpush  |3 (RuTPU)RU\TPU\pers\31618 
712 0 2 |a Национальный исследовательский Томский политехнический университет (ТПУ)  |b Институт кибернетики (ИК)  |b Кафедра инженерной графики и промышленного дизайна (ИГПД)  |h 7273  |2 stltpush  |3 (RuTPU)RU\TPU\col\18737 
801 2 |a RU  |b 63413507  |c 20160405  |g RCR 
856 4 |u http://earchive.tpu.ru/handle/11683/17051 
942 |c BK